000 00622nam a2200193Ia 4500
003 GCL
008 140319s9999 xx 000 0 ara d
040 _aGCL /
_cGCL
082 0 4 _a257.2
_bع ا
100 1 _aابن سلام : ابوعبيد القاسم بن سلام الهروى البغدادى
245 1 0 _aالاموال /
_cابن سلام : ابوعبيد القاسم بن سلام الهروى البغدادى
300 _a270 ص
490 _a
650 0 4 _aالزكاة
650 0 4 _aالجزية
650 0 4 _aالخراج
650 0 4 _aالاسلام - النظام المالى
942 _2ddc
_cBK
999 _c37706
_d37706